000 00794nam a2200265Ia 4500
001 Para_2107
003 CHAP
008 220125s1983 xx 000 0 und d
010 _a204573
040 _cCHAP
082 _aPA 632.8 P6
100 _aPinto Cortés, Benito
_988287
245 _aResúmenes de enfermedades causadas por virus (caracterización de virus) /
_c por Benito Pinto Cortés
260 _aChapingo, Méx. :
_b UACh. Dpto. de Parasitología Agrícola
300 _a70 h.
650 _aEnfermedades por virus
_936940
650 _aPlantas
_x enfermedades por virus
_988834
901 _aPA 632.8 P6
902 _aA
905 _a0000001983 0000000000 00
910 _a1983
942 _cPARA
942 _cPARA
_d1
999 _c204573
_d204573